Mensaje leído por S.E. el Presidente de la República en la apertura de las sesiones ordinarias del Congreso Nacional y memorias ministeriales
Saved in:
| Format: | Bog |
|---|---|
| Sprog: | spansk |
| Udgivet: |
Santiago
Nacional
1898
|
| Fag: | |
| Tags: |
Tilføj Tag
Ingen Tags, Vær først til at tagge denne postø!
|
MARC
| LEADER | 00000nam a2200000 a 4500 | ||
|---|---|---|---|
| 001 | UCP9637 | ||
| 003 | CL-VaPUC | ||
| 008 | 000331e18980000CL |||||||||||||||||spa|d | ||
| 082 | 0 | 4 | |a 351.003 |b MEN |2 21 |
| 245 | 1 | 0 | |a Mensaje leído por S.E. el Presidente de la República en la apertura de las sesiones ordinarias del Congreso Nacional y memorias ministeriales |
| 300 | |a pag. irreg | ||
| 942 | |c BK | ||
| 945 | |d 20000331 00:00:00 |a lriquelm | ||
| 260 | |a Santiago |b Nacional |c 1898 | ||
| 600 | 0 | 7 | |a ERRAZURIZ ECHAURREN, FEDERICO |2 CL-VaPUC |9 268138 |
| 650 | 7 | |a MENSAJES PRESIDENCIALES |2 CL-VaPUC |9 256599 | |
| 650 | 0 | |a Presidentes |9 255176 | |
| 650 | 0 | |a Política y gobierno |9 255151 | |
| 651 | 7 | |a CHILE |2 CL-VaPUC |9 440319 | |
| 583 | |a last modification |c 20000331 00:00:00 |k Rodrigo Vera | ||
| 999 | |c 286427 |d 286425 | ||
| 952 | |0 0 |1 0 |4 0 |6 351_003000000000000_MEN_1898 |7 0 |8 X |9 332340 |a BIBHIS |b BIBHIS |d 2019-11-20 |i 1251244 |o 351.003 MEN 1898 |p 1251244 |r 2024-01-30 |w 2019-11-20 |y BK_X |k HIS | ||